000
00302nam a2200145Ia 4500
100
_a
Lecroissette/Dennis
942
_c
BK
654
_a
transistors
245
_a
Transistors
260
_b
prentice
_a
New Delhi
_c
1988
082
_a
621.381528
_b
LE
300
_a
280
546
_a
ENGLISH
999
_c
29367
_d
29367